[Event "Anderssen Memorial Open-A 2020"]
[Site "Wroclaw"]
[Date "2020.08.02"]
[Round "3.15"]
[White "Peglau, Markus"]
[Black "Bojczewski, Mateusz"]
[Result "0-1"]
[WhiteElo "1910"]
[BlackElo "1886"]
[Annotator "ChessBase"]
[PlyCount "75"]
[EventDate "2020.08.01"]
[EventType "swiss"]
[EventCountry "POL"]
[SourceTitle "playchess.com"]
[Source "ChessBase"]
[SourceQuality "1"]
[TimeControl "40/5400+15:1800+30"]

1. Nf3 {[%emt 0:00:00]} Nf6 {[%emt 0:00:24]} 2. d4 {[%emt 0:00:00]} e6 {[%emt 0:00:00]} 3. Bf4 {[%emt 0:00:00]} c5 {[%emt 0:04:42]} 4. c3 {[%emt 0:00:52]} Nc6 {[%emt 0:02:47]} 5. e3 {[%emt 0:00:35]} d5 {[%emt 0:04:13]} 6. Bd3 {[%emt 0:02:01]} Qb6 {[%emt 0:01:31]} 7. Qb3 {[%emt 0:01:55]} c4 {[%emt 0:12:21]} 8. Qxb6 {[%emt 0:00:09]} axb6 {[%emt 0:00:00]} 9. Bc2 {[%emt 0:00:24]} b5 {[%emt 0:00:00]} 10. Nbd2 {[%emt 0:01:56]} b4 {[%emt 0:00:24]} 11. O-O {[%emt 0:03:49]} Be7 {[%emt 0:03:15]} 12. e4 {[%emt 0:06:38]} O-O {[%emt 0:06:26]} 13. Rfe1 {[%emt 0:03:54]} dxe4 {[%emt 0:02:05]} 14. Nxe4 {[%emt 0:04:18]} Nd5 {[%emt 0:03:09]} 15. Bd2 {[%emt 0:01:21]} b5 {[%emt 0:00:48]} 16. Ng3 {[%emt 0:19:32]} Bb7 {[%emt 0:07:42]} 17. Be4 {[%emt 0:03:59]} bxc3 {[%emt 0:05:58]} 18. bxc3 {[%emt 0:00:57]} Nf6 {[%emt 0:11:03]} 19. Bc2 {[%emt 0:06:52]} Ra3 {[%emt 0:03:15]} 20. Reb1 {[%emt 0:04:06]} Ba6 {[%emt 0:01:24]} 21. Ne4 {[%emt 0:02:17]} Nd5 {[%emt 0:03:53]} 22. Bc1 {[%emt 0:05:29]} Rxc3 {[%emt 0:01:01]} 23. Nxc3 {[%emt 0:00:50]} Nxc3 {[%emt 0:00:00]} 24. a4 {[%emt 0:07:23]} b4 {[%emt 0:01:12]} 25. Rb2 {[%emt 0:03:40]} Ne2+ {[%emt 0:00:00]} 26. Kh1 {[%emt 0:00:00]} Nexd4 {[%emt 0:00:17]} 27. Be4 {[%emt 0:00:53]} f5 {[%emt 0:03:17]} 28. Bxc6 {[%emt 0:01:59]} Nxc6 {[%emt 0:00:00]} 29. Re2 {[%emt 0:00:11]} Kf7 {[%emt 0:02:45]} 30. Rb1 {[%emt 0:04:04]} Rd8 {[%emt 0:01:51]} 31. Bf4 {[%emt 0:00:41]} c3 {[%emt 0:00:55]} 32. Ree1 {[%emt 0:00:54]} Bf6 {[%emt 0:00:13]} 33. Ng5+ {[%emt 0:01:33]} Bxg5 {[%emt 0:00:26]} 34. Bxg5 {[%emt 0:00:00]} Rd5 {[%emt 0:00:25]} 35. Rbd1 {[%emt 0:03:27]} Bd3 {[%emt 0:00:54]} 36. Bc1 {[%emt 0:01:46]} b3 {[%emt 0:00:05]} 37. Ba3 {[%emt 0:00:17]} b2 {[%emt 0:00:04]} 38. Bxb2 {[%emt 0:00:48]} 0-1

[Event "Anderssen Memorial Open-A 2020"]
[Site "Wroclaw"]
[Date "2020.08.03"]
[Round "4.1"]
[White "Sieciechowicz, Marcin"]
[Black "Barski, Radoslaw"]
[Result "1/2-1/2"]
[WhiteElo "2372"]
[BlackElo "2444"]
[Annotator "TA"]
[PlyCount "140"]
[EventDate "2020.08.01"]
[EventType "swiss"]
[EventCountry "POL"]
[SourceTitle "playchess.com"]
[Source "ChessBase"]
[SourceQuality "1"]

{[%evp 20,140,0,8,31,23,29,0,6,6,14,14,12,0,0,0,12,16,16,13,9,12,16,16,13,20,18,0,0,-12,0,0,0,0,0,0,0,0,27,0,0,0,0,0,0,0,0,0,0,0,0,0,0,0,0,-11,0,-38,-6,-13,-12,-5,0,0,0,0,0,0,1,0,0,0,0,0,0,0,0,0,0,0,0,-69,-69,-69,-69,-69,-69,-69,-69,-69,0,0,0,0,0,0,0,0,0,-69,-69,-111,-111,-111,-118,-119,-112,-119,-91,-119,-119,-119,0,-119,0,-119,0,-119,-119,-119,0,0,0]} 1. d4 d5 2. c4 e6 3. Nc3 c6 4. e3 Nf6 5. Nf3 Nbd7 6. Qc2 Bd6 7. Bd3 O-O 8. O-O dxc4 9. Bxc4 e5 10. Rd1 Qe7 11. e4 b5 {D46: Semi-Slav: 5 e3 Nbd7 6 Bd3, Black avoids the Meran.} 12. Bb3 Bb7 13. d5 {[#]} Rac8 $146 {White must now prevent ...b4.} ({Predecessor:} 13... b4 14. dxc6 Bxc6 15. Nd5 Bxd5 16. Bxd5 Nxd5 17. Rxd5 Nb6 18. Rd1 Rac8 19. Qb3 h6 {1-0 (56) Hansen,E (2472)-Huang,R (1952) Victoria 2009}) 14. dxc6 Bxc6 15. Qe2 b4 16. Nd5 Nxd5 17. Bxd5 Nf6 18. Bg5 h6 19. Bxf6 Qxf6 20. Bxc6 Rxc6 21. Rac1 Rfc8 22. Rxc6 Rxc6 23. h3 Bc7 24. Qd2 Bb6 25. Rc1 a5 26. b3 Rd6 27. Qe2 Qf4 28. Rc4 h5 29. h4 g6 30. Kf1 Qg4 31. Rc1 Kg7 32. Qc4 Qf4 {...Rd2! is the strong threat.} 33. Re1 $1 {[#]} Rd2 $1 {[%mdl 512]} 34. Re2 (34. Nxd2 Qxf2#) 34... Rd1+ 35. Re1 {[#]} Rd2 $1 {[%mdl 512]} 36. Re2 (36. Nxd2 Qxf2#) 36... Rd6 (36... Rd8 {seems wilder.} 37. Re1 Qf6 38. Rc1 Rd2 39. Rc2 Rd1+) 37. Re1 Bd4 (37... Bd8 {feels hotter.} 38. Qc1 Re6 39. Qxf4 exf4 40. Nd4 Ra6) 38. Qc1 (38. Rd1 {with more complications.} Qf6 39. Qb5 Rd8 40. Nxd4 exd4 41. Qxa5 Qxh4 42. Qxb4 Qh1+ 43. Ke2) 38... Qxc1 (38... Bc3 {looks sharper.} 39. Qxf4 exf4 40. Rc1 f6 41. Ke2 Re6) 39. Rxc1 $15 {[%mdl 4096] Endgame KRB-KRN} Bc3 40. Ke2 Kf6 41. a4 Ke6 42. Rd1 Rxd1 43. Kxd1 $11 {KB-KN} f6 44. Ke2 Kd6 45. Kd3 Kc5 46. g3 Kd6 47. Kc4 Kc6 48. Ng1 Be1 (48... Bd4 $5 49. Nh3 $8 Ba7 $11) 49. Nh3 {[#]} g5 $1 {[%mdl 576] Deflection} 50. hxg5 (50. g4 $1 $11 hxg4 51. Nxg5 $1 {[%mdl 512]}) 50... fxg5 $15 51. Nxg5 Bxf2 52. Nf3 {Strongly threatening g4.} Bxg3 53. Ng5 Bf4 54. Nh3 h4 (54... Bh2 $15 55. Ng5 h4) 55. Nf2 $11 Be3 56. Nh3 $1 Bb6 57. Kd3 Kd6 58. Ke2 $1 Bd8 {next ...Kc5 is good for Black.} 59. Nf2 (59. Ng1 $11) 59... Kc5 $15 {Hoping for ...Kd4.} 60. Kd3 Bg5 61. Nh3 Bf4 62. Nf2 Kd6 63. Ke2 Bg3 64. Nh3 Kc5 {Threatens to win with ...Kd4.} 65. Kd3 Bf4 66. Nf2 Bg5 67. Nh3 Bd8 68. Nf2 $1 Bb6 69. Nh3 {[#]} Ba7 (69... Bc7 $1 $17 70. Ng5 Bd8) 70. Ng5 $11 Bb6 {Accuracy: White = 88%, Black = 91%.} 1/2-1/2

[Event "Anderssen Memorial Open-A 2020"]
[Site "Wroclaw"]
[Date "2020.08.03"]
[Round "4.2"]
[White "Cukrowski, Filip"]
[Black "Kopylov, Michael"]
[Result "1/2-1/2"]
[WhiteElo "2419"]
[BlackElo "2407"]
[Annotator "TA"]
[PlyCount "183"]
[EventDate "2020.08.01"]
[EventType "swiss"]
[EventCountry "POL"]
[SourceTitle "playchess.com"]
[Source "ChessBase"]
[SourceQuality "1"]

{[%evp 10,183,24,12,19,9,29,17,11,9,19,14,19,-8,0,0,3,7,25,23,21,7,10,14,4,13,17,6,13,4,23,31,33,35,43,43,43,35,133,129,118,7,12,9,25,16,17,0,0,0,0,0,0,-6,0,0,15,15,13,13,13,13,13,13,13,13,19,16,23,20,80,79,80,80,119,119,120,120,120,120,120,120,120,120,120,120,162,162,162,162,162,162,218,202,202,194,194,8,178,139,321,321,321,321,321,321,321,321,321,321,321,321,321,321,321,321,321,321,321,321,321,321,321,321,321,321,321,321,321,321,321,321,321,321,321,321,321,321,321,321,321,321,321,321,321,321,321,321,321,0,321,321,321,321,321,0,321,0,321,0,321,321,321,321,321,321,321,321,321,320,320,0,313,313,320,313]} 1. e4 e6 2. d4 d5 3. Nd2 c5 4. exd5 Qxd5 5. Ngf3 cxd4 6. Bc4 Qd7 {C07: French Tarrasch: 3...c5, 4 Ngf3 and 4 exd5 Qxd5.} 7. Nb3 Nc6 8. Nbxd4 Nxd4 {The position is equal.} 9. Nxd4 {Strongly threatening Bb5.} a6 10. O-O Nf6 11. a4 Bc5 12. Nf3 {[#]} Qxd1 $146 ({Predecessor:} 12... Qc7 13. Qe2 O-O 14. b3 b6 15. Bb2 Bb7 16. Ne5 Rfe8 17. Rad1 Bd6 18. f3 Nd5 {1-0 (33) Pernerstorfer,M (1980)-Schernthaner,D (2029) Sankt Veit an der Glan 2019}) 13. Rxd1 b6 14. Ne5 Bb7 15. Nd3 (15. c3 {looks sharper.} Rc8 16. Be2 Nd5 17. Bf3 Rc7 18. Nd3) 15... Be7 16. Be3 Rc8 17. b3 Nd7 18. f4 Bf6 19. Rac1 Bc3 20. f5 exf5 21. Nf4 {And now Bxf7+! would win.} Nf6 22. Bxb6 O-O 23. Bd4 Ne4 ({Better is} 23... Bxd4+ $1 $14 24. Rxd4 a5) 24. Bxc3 $16 Nxc3 25. Rd3 ({White should try} 25. Rd7 $16) 25... Nxa4 $1 $11 26. Ne6 Rfe8 27. Ng5 Nc5 28. Bxf7+ Kf8 $1 29. Rd2 Red8 30. Rxd8+ Rxd8 31. Bc4 h6 32. Nf3 Ne4 33. Nh4 Rd2 34. Nxf5 Nc3 35. Nh4 g5 36. Nf3 Bxf3 37. gxf3 {[%mdl 4096] Endgame KRB-KRN} a5 38. Ra1 Rxc2 39. Rxa5 Nd1 (39... Ne2+ $11 {keeps the balance.} 40. Kf1 Nc1) 40. Rf5+ $16 Ke7 41. Re5+ Kf6 42. Re6+ Kg7 43. Rg6+ $1 {[%mdl 64] Decoy} Kxg6 44. Bd3+ {[%mdl 64] Double Attack} Kf6 45. Bxc2 {KB-KN} Ne3 46. Be4 Ke5 47. b4 {[%cal Bb3b4,Bb4b5][%mdl 32]} Kf4 48. b5 {aiming for b6.} Nc4 49. Bd3 Nb6 50. Kf2 h5 (50... Nc8 $142 51. Bg6 Nb6) 51. Bg6 $18 h4 52. h3 Ke5 53. Be8 $2 (53. Be4 $18) 53... Kd4 $2 (53... Nd5 $11) 54. Bc6 $1 Nc4 $2 {[#]} (54... Nc8 $16 {was necessary.} 55. Ba8 Nb6) 55. f4 $1 {[%cal Rf4g5][%mdl 512]} gxf4 56. Kf3 Nd6 57. Kxf4 {Threatens to win with Kg5.} Nxb5 58. Bxb5 {KB-KP} Kd5 59. Kf5 Kd6 60. Kf6 Kd5 61. Be2 Kd6 62. Bg4 Kd5 63. Ke7 Kc6 64. Bf3+ Kc7 65. Bd5 Kc8 66. Be6+ Kc7 67. Bd7 Kb8 68. Kd6 Kb7 69. Bg4 Kb8 70. Kc6 Ka7 71. Kc7 Ka8 72. Bf3+ Ka7 73. Bd5 Ka6 74. Kd7 Kb6 75. Kd6 Kb5 76. Ke6 Kb6 77. Kf5 {White threatens Ba2 and mate.} Kc5 78. Ke5 Kb6 79. Kd6 Kb5 {[#]} 80. Bb3 $1 Kb6 {[#]} 81. Kd7 $1 Kb7 82. Bd5+ Kb6 83. Kd6 Kb5 84. Kc7 Ka6 85. Kb8 Kb6 {intending ...Kc5.} 86. Bb7 Kc5 87. Kc7 Kb5 88. Bc8 Kc5 89. Be6 Kb5 90. Bc8 Kc5 91. Bg4 Kb5 92. Be2+ {[%mdl 32768] Accuracy: White = 93%, Black = 84%. . An unexpected result.} 1/2-1/2

[Event "Anderssen Memorial Open-A 2020"]
[Site "Wroclaw"]
[Date "2020.08.03"]
[Round "4.3"]
[White "Kopylov, Daniel"]
[Black "Zwahr, Paul"]
[Result "1-0"]
[WhiteElo "2348"]
[BlackElo "2277"]
[Annotator "TA"]
[PlyCount "87"]
[EventDate "2020.08.01"]
[EventType "swiss"]
[EventCountry "POL"]
[SourceTitle "playchess.com"]
[Source "ChessBase"]
[SourceQuality "1"]

{[%evp 16,87,0,0,-5,0,0,0,0,0,0,0,-6,0,0,-7,-7,-4,0,-22,0,-56,-22,-49,0,0,0,0,0,0,0,0,0,0,19,10,111,75,135,135,132,71,188,188,178,181,282,279,319,319,311,303,291,283,253,87,60,94,659,650,615,616,614,613,2116,2027,1946,1899,29971,29971,6303,4898,5904,5704]} 1. e4 e5 2. Nf3 Nc6 3. Nc3 Nf6 4. d4 exd4 5. Nxd4 Bb4 6. Nxc6 bxc6 7. Bd3 d5 8. Bd2 O-O 9. O-O Rb8 {is now more promising than 9...Bxc3. C47: Scotch Four Knights and Four Knights with 4 g3.} 10. Re1 Re8 11. exd5 Rxe1+ {The position is equal.} 12. Qxe1 cxd5 {[#]} 13. Nb5 $146 ({Predecessor:} 13. a3 Bf8 14. b4 c5 15. bxc5 {½-½ (15) Evans,D (2409)-Williamson,D (2429) ICCF email 2019}) 13... Bxd2 14. Qxd2 Bd7 15. Qa5 Bxb5 16. Bxb5 Qd6 {Threatens to win with ...Ng4.} 17. Bd3 c5 18. Qxa7 (18. b3 $11) 18... Rxb2 19. a4 c4 20. Qd4 Qb4 21. Bf1 {And now a5 would win.} Qb6 $1 {[%cal Rb6d4]} (21... Rxc2 22. a5) 22. Qxb6 (22. Qf4 {looks sharper.} Qb8 23. Qc1 Qe5 24. Qe3 Qxe3 25. fxe3 Kf8 26. a5) 22... Rxb6 $11 {[%mdl 4096] Endgame KRB-KRN} 23. a5 Ra6 24. g3 g5 25. f3 h5 (25... Kf8 $11) 26. Bh3 g4 (26... Kf8 $142) 27. Bg2 $16 Kf8 {[#]} 28. Kf2 (28. fxg4 $142 $1 hxg4 29. Kf2) 28... Ke7 {[#]} (28... d4 $16) 29. Ke3 $1 $18 Kd6 30. Kd4 Kc6 (30... Kc7 $142 31. fxg4 hxg4) 31. f4 Kd6 32. c3 Kc6 33. Ra2 Kd6 34. Ra4 Ke6 35. Kc5 $2 (35. Ra1 $18 {has better winning chances.}) 35... Nd7+ $16 36. Kb5 $1 {[%cal Rb5a6]} Rd6 $2 {[%mdl 8192] This costs Black the game.} (36... Ra7 $16) 37. a6 $18 Rb6+ 38. Ka5 Rb2 {Strongly threatening ...Nb8.} 39. a7 Nc5 {[#]} 40. Bxd5+ $1 {[%mdl 576] Promotion} Kxd5 41. a8=Q+ Kd6 42. Qf8+ Kc6 43. Qc8+ Kd5 44. Rb4 {Accuracy: White = 80%, Black = 59%.} 1-0

[Event "Anderssen Memorial Open-A 2020"]
[Site "Wroclaw"]
[Date "2020.08.03"]
[Round "4.4"]
[White "Piekielny, Pawel"]
[Black "Nguyen, Alex Dac-Vuong"]
[Result "0-1"]
[WhiteElo "2099"]
[BlackElo "2366"]
[Annotator "ChessBase"]
[PlyCount "136"]
[EventDate "2020.08.01"]
[EventType "swiss"]
[EventCountry "POL"]
[SourceTitle "playchess.com"]
[Source "ChessBase"]
[SourceQuality "1"]
[TimeControl "40/5400+15:1800+30"]

1. e4 {[%emt 0:00:00]} c5 {[%emt 0:00:00]} 2. Nf3 {[%emt 0:00:00]} e6 {[%emt 0:00:00]} 3. d4 {[%emt 0:00:00]} cxd4 {[%emt 0:00:00]} 4. Nxd4 {[%emt 0:00:00]} a6 {[%emt 0:00:00]} 5. Bd3 {[%emt 0:00:00]} Nf6 {[%emt 0:00:00]} 6. O-O {[%emt 0:00:00]} Qc7 {[%emt 0:00:00]} 7. Qe2 {[%emt 0:00:00]} d6 {[%emt 0:00:00]} 8. f4 {[%emt 0:00:00]} Nbd7 {[%emt 0:00:00]} 9. c4 b6 {[%emt 0:03:43]} 10. Nc3 {[%emt 0:00:00]} Be7 {[%emt 0:03:18]} 11. Kh1 {[%emt 0:00:00]} Bb7 {[%emt 0:00:06]} 12. Bd2 {[%emt 0:00:00]} O-O {[%emt 0:01:57]} 13. Rae1 {[%emt 0:00:00]} Rad8 {[%emt 0:01:19]} 14. Nf3 {[%emt 0:00:17]} Rfe8 {[%emt 0:08:18]} 15. e5 {[%emt 0:17:41]} Ng4 {[%emt 0:08:30]} 16. Ng5 {[%emt 0:10:37]} Bxg5 {[%emt 0:04:26]} 17. Qxg4 {[%emt 0:00:00]} Nxe5 {[%emt 0:10:20]} 18. Bxh7+ {[%emt 0:16:25]} Kxh7 {[%emt 0:00:00]} 19. Qh5+ {[%emt 0:00:00]} Kg8 {[%emt 0:00:37]} 20. fxg5 {[%emt 0:00:00]} Qxc4 {[%emt 0:12:52]} 21. Rf4 {[%emt 0:02:21]} Qc6 {[%emt 0:00:00]} 22. Ne4 {[%emt 0:00:37]} Qc2 {[%emt 0:19:52]} 23. Rc1 {[%emt 0:17:04]} Qxb2 {[%emt 0:07:30]} 24. Rh4 {[%emt 0:06:41]} Ng6 {[%emt 0:01:48]} 25. Rc7 {[%emt 0:10:01]} Rd7 {[%emt 0:01:50]} 26. Qh7+ {[%emt 0:03:12]} Kf8 {[%emt 0:00:00]} 27. Nf6 {[%emt 0:00:06]} gxf6 {[%emt 0:00:31]} 28. gxf6 {[%emt 0:00:16]} Qxf6 {[%emt 0:01:21]} 29. Qh6+ {[%emt 0:00:00]} Kg8 {[%emt 0:00:08]} 30. Qh7+ {[%emt 0:00:00]} Kf8 {[%emt 0:00:00]} 31. Qh6+ {[%emt 0:00:00]} Qg7 {[%emt 0:04:00]} 32. Rxd7 {[%emt 0:00:00]} Nxh4 {[%emt 0:00:00]} 33. Rxb7 {[%emt 0:00:00]} Nf5 {[%emt 0:01:29]} 34. Qxg7+ {[%emt 0:00:03]} Kxg7 {[%emt 0:00:00]} 35. Rxb6 {[%emt 0:00:15]} Rc8 {[%emt 0:00:30]} 36. g4 {[%emt 0:01:23]} Nh4 {[%emt 0:01:55]} 37. Rxd6 {[%emt 0:01:10]} Rc2 {[%emt 0:00:00]} 38. Rd3 {[%emt 0:06:04]} Rxa2 {[%emt 0:00:00]} 39. Bc3+ {[%emt 0:00:00]} Kg6 {[%emt 0:01:01]} 40. Rh3 {[%emt 0:00:00]} Kg5 {[%emt 0:00:00]} 41. Bf6+ {[%emt 0:15:25]} Kxf6 {[%emt 0:17:10]} 42. Rxh4 {[%emt 0:00:01]} Kg5 {[%emt 0:01:15]} 43. Rh7 {[%emt 0:00:09]} f6 {[%emt 0:01:04]} 44. Rg7+ {[%emt 0:00:30]} Kh4 {[%emt 0:01:12]} 45. Re7 {[%emt 0:10:18]} e5 {[%emt 0:01:50]} 46. Re6 {[%emt 0:00:25]} Kh3 {[%emt 0:03:04]} 47. Kg1 {[%emt 0:00:05]} Rg2+ {[%emt 0:00:26]} 48. Kf1 {[%emt 0:00:31]} Rxg4 {[%emt 0:00:07]} 49. Rxa6 {[%emt 0:00:14]} Rf4+ {[%emt 0:00:08]} 50. Ke2 {[%emt 0:00:21]} Kxh2 {[%emt 0:00:27]} 51. Ra8 {[%emt 0:00:04]} Kg3 {[%emt 0:01:39]} 52. Rg8+ {[%emt 0:00:05]} Kh4 {[%emt 0:00:06]} 53. Ke3 {[%emt 0:00:31]} Rg4 {[%emt 0:00:39]} 54. Rf8 {[%emt 0:00:04]} Kg5 {[%emt 0:00:07]} 55. Kf3 {[%emt 0:00:04]} Ra4 {[%emt 0:00:10]} 56. Ke3 {[%emt 0:00:19]} Kf5 {[%emt 0:00:08]} 57. Rf7 {[%emt 0:00:08]} Ra3+ {[%emt 0:00:08]} 58. Ke2 {[%emt 0:00:04]} e4 {[%emt 0:00:06]} 59. Rf8 {[%emt 0:00:16]} Ke5 {[%emt 0:00:05]} 60. Rf7 {[%emt 0:00:14]} f5 {[%emt 0:00:08]} 61. Rf8 {[%emt 0:00:32]} Kf4 {[%emt 0:00:11]} 62. Kf2 {[%emt 0:00:31]} Ra2+ {[%emt 0:00:04]} 63. Kf1 {[%emt 0:00:16]} e3 {[%emt 0:00:06]} 64. Rf7 {[%emt 0:00:46]} Ke4 {[%emt 0:00:07]} 65. Rf8 {[%emt 0:00:26]} f4 {[%emt 0:00:10]} 66. Rf7 {[%emt 0:01:00]} Kf3 {[%emt 0:00:07]} 67. Kg1 {[%emt 0:00:04]} Ra1+ {[%emt 0:00:11]} 68. Kh2 {[%emt 0:00:04]} e2 {[%emt 0:00:06]} 0-1

[Event "Anderssen Memorial Open-A 2020"]
[Site "Wroclaw"]
[Date "2020.08.03"]
[Round "4.5"]
[White "Chmiel, Marcin"]
[Black "Szczesniak, Konrad"]
[Result "1-0"]
[WhiteElo "2267"]
[BlackElo "2033"]
[Annotator "TA"]
[PlyCount "97"]
[EventDate "2020.08.01"]
[EventType "swiss"]
[EventCountry "POL"]
[SourceTitle "playchess.com"]
[Source "ChessBase"]
[SourceQuality "1"]

{[%evp 18,97,24,17,35,21,22,0,0,0,0,0,0,0,0,-20,0,0,0,0,10,-45,-15,-17,-24,-21,0,0,0,0,0,0,96,91,120,112,119,95,109,95,95,95,145,125,138,22,140,135,132,146,104,131,113,111,465,502,507,505,477,470,687,684,1487,1322,1374,1413,1379,1352,991,921,849,739,4824,4602,2986,2346,1639,1216,11650,11166,6270,6011]} 1. c4 Nf6 2. g3 g6 3. Bg2 Bg7 4. Nc3 O-O 5. d3 d6 6. Nf3 c5 7. O-O Nc6 8. a3 Bd7 9. Rb1 a5 10. Ne1 Qc8 {A38: Symmetrical English vs ...g6: 4 Bg2 Bg7 5 Nf3 Nf6.} 11. Nc2 Bh3 12. b4 Bxg2 {The position is equal.} 13. Kxg2 axb4 14. axb4 b6 15. e4 {[#]} e6 $146 ({Predecessor:} 15... Nd7 16. Bb2 cxb4 17. Nd5 e6 18. Bxg7 Kxg7 19. Ndxb4 Nxb4 20. Rxb4 d5 21. cxd5 exd5 {1-0 (50) Bakalchuk,J (2443)-Ben Menachem,I (2316) Israel 2020}) 16. f4 Ne8 17. Bd2 Nc7 18. b5 Ne7 19. Ne3 (19. Ne1 $11) 19... d5 20. cxd5 ({Much weaker is} 20. exd5 exd5 21. Ncxd5 (21. Nexd5 Nexd5 22. cxd5 Bxc3 $17) 21... Nexd5 $17) 20... exd5 21. f5 ({But not} 21. Ncxd5 Nexd5 22. exd5 Qd7 $17) (21. Nexd5 Ncxd5 22. Nxd5 Nxd5 $17) 21... Bxc3 22. Bxc3 {Bf6 is the strong threat.} d4 {[%mdl 64] Double Attack} 23. f6 dxc3 24. fxe7 Ra2+ {[#]} (24... Re8 $11) 25. Kg1 $1 $16 Re8 {White must now prevent ...Qh3!} 26. Qb3 $36 {[%mdl 2112] Double Attack. White has strong initiative.} Qe6 27. Nd5 ({Weaker is} 27. Qxc3 Re2 $11) 27... Nxd5 28. Qxa2 Nb4 29. Qxe6 fxe6 30. Rf8+ Rxf8 31. exf8=Q+ Kxf8 {[%mdl 4096] Endgame [#] KR-KN} 32. Rc1 $1 {[%cal Rc1c3]} c2 33. Kf1 Ke7 34. Ke2 Kd6 35. Kd2 Ke5 $2 {[%mdl 8192] This costs Black the game.} (35... c4 $16) 36. Ra1 $18 {White is clearly winning.} Kd4 {[#]} 37. Ra6 $1 {[%mdl 512]} c4 {[#]} (37... Nxa6 38. bxa6) 38. dxc4 $1 {[%mdl 512]} Kxc4 (38... Kc5 $142 39. Ra7 h5 40. Rc7+ Kd4) 39. Rxb6 Kb3 {Hoping for ...Kb2.} 40. Rb8 Kc4 41. b6 Kb5 42. b7 Kb6 43. Re8 Kxb7 44. Rxe6 Kc7 45. Re7+ Kd6 46. Rxh7 Ke5 47. Rg7 Kxe4 48. Rxg6 Kf3 49. h4 {Accuracy: White = 97%, Black = 65%.} 1-0

[Event "Anderssen Memorial Open-A 2020"]
[Site "Wroclaw"]
[Date "2020.08.03"]
[Round "4.6"]
[White "Mondrzycki, Bartlomiej"]
[Black "Golecki, Jan"]
[Result "1-0"]
[WhiteElo "2140"]
[BlackElo "2106"]
[Annotator "TA"]
[PlyCount "98"]
[EventDate "2020.08.01"]
[EventType "swiss"]
[EventCountry "POL"]
[SourceTitle "playchess.com"]
[Source "ChessBase"]
[SourceQuality "1"]

{[%evp 19,98,0,0,0,3,-18,5,0,0,0,-14,-16,18,21,27,33,99,101,87,83,87,110,119,123,193,128,213,181,176,188,254,259,306,305,291,289,316,314,314,310,306,295,295,284,279,268,273,264,288,263,367,234,318,190,375,370,347,289,275,249,555,550,518,510,700,677,896,865,1328,1287,1141,1282,2075,1791,5106,5106,12800,2272,5106,5106,29992]} 1. Nf3 d5 2. g3 Nf6 3. Bg2 e6 4. c4 Be7 5. O-O O-O 6. d4 c6 7. Qc2 b6 8. Nbd2 Bb7 9. e4 Na6 10. e5 Nd7 11. a3 {E06: Closed Catalan: Early deviations.} Nc7 12. Rd1 Rc8 13. b4 {The position is equal.} c5 14. dxc5 bxc5 15. b5 {[#]} f6 $146 ({Predecessor:} 15... Rb8 16. a4 f6 17. Bb2 fxe5 18. Nxe5 Nxe5 19. Bxe5 Bf6 20. Re1 Bxe5 21. Rxe5 dxc4 22. Nxc4 {1-0 (47) Almasi,Z (2684)-Lalith,B (2553) Caleta 2016}) 16. Bb2 d4 17. exf6 gxf6 {[#]} ({Better is} 17... Nxf6 $14 18. Ne5 Bxg2 19. Kxg2 Bd6) 18. Ng5 $1 $36 {[%mdl 2560] Black is under strong pressure.} fxg5 19. Bxb7 Rb8 20. Bg2 e5 21. Re1 Ne8 (21... Rb6 $16 {was called for.}) 22. Ne4 (22. Bc6 $18) 22... Nd6 (22... Ng7 $16) 23. Bc1 Rb6 24. a4 {[%cal Ba3a4,Ba4a5][%mdl 32]} Nxe4 (24... Nf7 $142 25. a5 Rb8) 25. Bxe4 $18 ({Less strong is} 25. Qxe4 Qc7 $16) 25... h6 26. Bc6 Kg7 27. a5 Rxc6 28. bxc6 Nb8 29. Qe4 ({Not} 29. Rxe5 Nxc6 30. Re6 d3 $18) 29... Qd6 30. Qxe5+ Qxe5 31. Rxe5 Nxc6 32. Re6 Rf6 33. Rxf6 Bxf6 {[%mdl 4096] Endgame KRB-KBN} 34. f4 a6 35. Bd2 Kg6 36. g4 (36. Kg2 $142) 36... Bd8 $2 (36... gxf4 {might work better.} 37. Bxf4 h5 38. gxh5+ Kxh5) 37. Re1 {Re6+ is the strong threat.} Kf6 38. Rf1 {And now fxg5+ would win.} Ke6 39. Ra1 Bc7 $2 (39... gxf4 {is more resistant.} 40. Bxf4 Bg5) 40. fxg5 {White is clearly winning.} hxg5 41. Bxg5 Nxa5 42. Ra4 Ke5 43. h4 Ke4 44. h5 d3 45. h6 Nb3 46. Rxa6 Nd4 47. h7 Be5 48. Kf2 (48. Kg2 $142 Nf3 49. Bf6 Nh4+ 50. Kf2) 48... Nf3 {[#]} 49. Re6 $1 Ng1 {Black did not feel at home in the position after the opening. Accuracy: White = 71%, Black = 28%.} 1-0